000 00582nam a22002057a 4500
003 0
005 20160609171246.0
008 130402t xxu||||| |||| 00| 0 eng d
020 _a2257105257
040 _aBUAC
_bFre
_cBFSS
100 _aVervloet, Daniel
_922728
245 _aTraité d'allergologie
_b/par Daniel Vervloet, Antoine Magnan
260 _aParis
_bFlammarion Médecine Sciences
_c2003
300 _a1148p.
_bill., couv. en coul.
_c28cm
440 _aTraités
_922729
504 _aIndex
653 _aAllergologie
700 _aMagnan Antoine
_922730
942 _cLIVR
999 _c50498
_d50498